000 01106cad a22002055a 4500
001 E146620
008 090210e20090209xxk s000 0 eng d
035 _a(Sirsi) u146620
041 0 _aeng
110 2 _aScotland
_bScottish Government
_95344
245 0 0 _aMarine Scotland to manage sustainable seas
_h[electronic resource]
260 _c2009
490 _aScottish Government News Release
_v9 February 2009
520 _aThe Scottish Government has announced the establishment of a new organisation, Marine Scotland, to manage and regulate marine acitivities in Scotland. Marine Scotland will be operational by 1 April 2009, and will bring together functions curretly divided between the Fisheries Research Services, the Scottish Fisheries Protection Agency and the Scottish Government's Marine Directorate.
590 _aKA
651 4 _aScotland
_y1999-
690 _aPROPERTY-RURAL AND NATURAL ASSETS-MARINE RESOURCES-MARINE RESOURCE MANAGEMENT
856 4 0 _uhttps://www.scotland.gov.uk/News/Releases/2009/02/09163825
_zView the news release free of charge at www.scotland.gov.uk...
942 _n0
999 _c81204
_d81204